00493nam a2200145Ia 4500008004100000041000800041082001300049100002400062245004500086260005600131300000800187906001200195999001700207952012300224221007s9999 xx 000 0 und d aeng a150bAGA aAgarwal K G9102446 aManual for Work Motivation Questionnaire c2008bNational Psychological CorporationaNew Delhi a12p bGeneral c69648d69648 00104070aHIMRbHIMRd2008-11-05eSatya Gilanil0o150 AGApHIMR-IN0001r2022-10-07 00:00:00w2022-10-07yINzIN0001